Statystyki dla Mistrzowie Konstruktorów F1

Kliknij tutaj aby rozwiązać quiz!

Ogólne statystyki

  • Ten quiz został rozwiązany 76 razy
  • Średni wynik to 54 z 65

Statystyki odpowiedzi

RokOdpowiedź% Poprawnych
2021Mercedes
100%
2020Mercedes
100%
2019Mercedes
100%
2018Mercedes
100%
2017Mercedes
100%
2016Mercedes
100%
2015Mercedes
100%
2014Mercedes
100%
1982Ferrari
98%
1975Ferrari
98%
2003Ferrari
98%
2004Ferrari
98%
1979Ferrari
98%
2007Ferrari
98%
1977Ferrari
98%
1976Ferrari
98%
1999Ferrari
98%
2008Ferrari
98%
2002Ferrari
98%
2001Ferrari
98%
2000Ferrari
98%
1983Ferrari
98%
1964Ferrari
98%
1961Ferrari
98%
2022Red Bull
97%
2010Red Bull
97%
2012Red Bull
97%
2011Red Bull
97%
2013Red Bull
97%
1991McLaren
95%
1998McLaren
95%
1990McLaren
95%
1974McLaren
95%
1989McLaren
95%
1984McLaren
95%
1985McLaren
95%
1988McLaren
95%
2006Renault
94%
2005Renault
94%
1986Williams
88%
1981Williams
88%
1980Williams
88%
1987Williams
88%
1997Williams
88%
1996Williams
88%
1994Williams
88%
1993Williams
88%
1992Williams
88%
1968Lotus
68%
1970Lotus
68%
1972Lotus
68%
1965Lotus
68%
1973Lotus
68%
1978Lotus
68%
1963Lotus
68%
2009Brawn
62%
1995Benetton
50%
1967Brabham
44%
1966Brabham
44%
1971Tyrrell
24%
1960Cooper
18%
1959Cooper
18%
1969Matra
15%
1962BRM
14%
1958Vanwall
8%

Rozkład punktacji

Percentyl według liczby udzielonych odpowiedzi

Procent ludzi z każdym wynikiem

Twoja historia wyników

Nie rozwiązałeś tego quizu